[Event "Bogota Avenida Chile op 5th"]
[Site "Bogota"]
[Date "2025.06.15"]
[Round "5"]
[White "Puentes, Jhon Fredy"]
[Black "Cortes Castillo, Carlos Eduardo"]
[Result "0-1"]
[WhiteElo "1498"]
[BlackElo "1496"]
[PlyCount "31"]
[EventDate "2025.06.15"]
[EventType "swiss (rapid)"]
[EventRounds "7"]
[EventCountry "COL"]
[SourceTitle "CB25_2025"]
[SourceDate "2025.06.18"]
[SourceVersion "1"]
[SourceVersionDate "2025.06.18"]
[SourceQuality "1"]

1. e4 e5 2. c3 Nc6 3. Bc4 Bc5 4. Nf3 Nf6 5. 0-0 d6 6. d4 exd4 7. Nxd4 Bd7 8. b4 Bb6 9. Nxc6 Bxc6 10. b5 Bd7 11. e5 dxe5 12. Re1 0-0 13. Rxe5 Ng4 14. Re2 Qh4 15. h3 Nxf2 16. Be3 0-1